|
|
|
|
| LEADER |
01008aam a22003018a 4500 |
| 001 |
00034719 |
| 005 |
20171026081023.0 |
| 008 |
161019s2015 ||||||Viesd |
| 020 |
# |
# |
|a 978 604 54 0512 3
|c 86000
|
| 041 |
0 |
# |
|a Vie
|
| 082 |
1 |
4 |
|a 801
|b V115H
|
| 100 |
1 |
# |
|a Lý, Huy Bắc
|
| 245 |
1 |
0 |
|a Văn học hậu hiện đại lý thuyết và tiếp nhận
|c Lý Huy Bắc
|
| 250 |
# |
# |
|a In lần thứ 3
|b Có bổ sung, sữa chữa
|
| 260 |
# |
# |
|a Hà Nội
|b Đại học sư phạm
|c 2015
|
| 300 |
# |
# |
|a 335 tr.
|c 24 cm.
|
| 653 |
# |
# |
|a Chủ nghĩa
|
| 653 |
# |
# |
|a Lý thuyết
|
| 653 |
# |
# |
|a Văn học hậu hiện đại
|
| 653 |
# |
# |
|a Văn Xuôi
|
| 653 |
# |
# |
|a Thế giới
|
| 852 |
# |
# |
|b Kho mượn
|j KM.0019151, KM.0019152
|
| 852 |
# |
# |
|j KD.0018591
|j KM.0019151
|j KM.0019152
|
| 852 |
# |
# |
|b Kho đọc
|j KD.0018591
|
| 910 |
|
|
|d 19/10/2016
|
| 980 |
# |
# |
|a Trung tâm Học liệu Lê Vũ Hùng, Trường Đại học Đồng Tháp
|